Score 0/20 Timer 03:00
0 Plays Today
Fact Answer % Correct
CapitalAustin
99.2%
NicknameLone Star State
81.9%
Longest RiverRio Grande
66.1%
Year of Statehood1845
57.5%
State FlowerBluebonnet
52.8%
State BirdMockingbird
48%
State Mammal (Small)Armadillo
40.9%
Ranking in States by Area2
40.2%
State TreePecan
40.2%
State SongTexas, Our Texas
38.6%
Fact Answer % Correct
State ShipBattleship Texas
37%
State Mammal (Large)Longhorn
33.1%
MottoFriendship
29.9%
Number of Counties254
29.9%
State ReptileHorned Lizard
27.6%
Lowest PointGulf of Mexico
25.2%
Highest PointGuadalupe Peak
19.7%
State DishChili
19.7%
State PlantCactus
18.9%
State FruitRed Grapefruit
17.3%
Remove Ads.
Support Sporcle.
Get the best of Sporcle when you Go Orange. This ad-free experience offers more features, more stats, and more fun while also helping to support Sporcle. Thank you for becoming a member.

You're not logged in!

Compare scores with friends on all Sporcle quizzes.
OR
Log In

Show Comments

Extras

Created Oct 18, 2010ReportNominate
Tags:tea

Top Quizzes Today


Score Distribution

Your Account Isn't Verified!

In order to create a playlist on Sporcle, you need to verify the email address you used during registration. Go to your Sporcle Settings to finish the process.

Report this User

Report this user for behavior that violates our Community Guidelines.

Details: